| 000 | 00623nam a22001937a 4500 | ||
|---|---|---|---|
| 008 | 100207s2009 enk|||||r|||| 001 0 eng d | ||
| 020 | _a9780340972915 | ||
| 082 |
_222 _a342.42085 _bHAL |
||
| 100 |
_911058 _aHalstead, Peter |
||
| 245 |
_aUnlocking Human Rights / _c Peter Halstead; Series editors Jacqueline Martin and Chris Turner |
||
| 260 |
_aLondon : _b Hodder Education, 2009 _c2009 |
||
| 300 |
_axlv, 421 p. ; _c 25 cm. |
||
| 490 | _aUnlocking the Law | ||
| 500 | _aIncludes index | ||
| 650 |
_911033 _aHuman rights |
||
| 700 |
_911056 _aTurner, Chris |
||
| 700 |
_911057 _aMartin, Jacqueline |
||
| 942 |
_2ddc _cBB |
||
| 999 |
_c13303 _d13303 |
||